Learning Resource and Development

Full stack development with spring boot and react : (Record no. 30271)

MARC details
000 -LEADER
fixed length control field 03162nam a2200325 i 4500
003 - CONTROL NUMBER IDENTIFIER
control field CSPC
005 - DATE AND TIME OF LATEST TRANSACTION
control field 20250911164602.0
008 - FIXED-LENGTH DATA ELEMENTS--GENERAL INFORMATION
fixed length control field 250903s2022 -uk 001 0 eng d
020 ## - INTERNATIONAL STANDARD BOOK NUMBER
International Standard Book Number 9781801816786
040 ## - CATALOGING SOURCE
Original cataloging agency CSPC
Language of cataloging eng
Transcribing agency CSPC
Description conventions rda
050 04 - LIBRARY OF CONGRESS CALL NUMBER
Classification number QA76.76
Item number H56 2022
082 04 - DEWEY DECIMAL CLASSIFICATION NUMBER
Classification number 005.3
Item number H593f
100 1# - MAIN ENTRY--PERSONAL NAME
Personal name Hinkula, Juha,
Dates associated with a name author.
245 10 - TITLE STATEMENT
Title Full stack development with spring boot and react :
Remainder of title build modern and scalable web applications using the power of java and react /
Statement of responsibility, etc. Juha Hinkula.
250 ## - EDITION STATEMENT
Edition statement Third edition.
264 #1 - PRODUCTION, PUBLICATION, DISTRIBUTION, MANUFACTURE, AND COPYRIGHT NOTICE
Place of production, publication, distribution, manufacture Birmingham, UK :
Name of producer, publisher, distributor, manufacturer Packt Publishing,
Date of production, publication, distribution, manufacture, or copyright notice 2022.
300 ## - PHYSICAL DESCRIPTION
Extent xvii, 358 pages ;
Dimensions 24 cm.
336 ## - CONTENT TYPE
Source rdacontent
Content type term text
337 ## - MEDIA TYPE
Source rdamedia
Media type term unmediated
338 ## - CARRIER TYPE
Source rdacarrier
Carrier type term volume
500 ## - GENERAL NOTE
General note Includes index.
505 0# - FORMATTED CONTENTS NOTE
Formatted contents note Part 1: Backend programming with spring boot -- Setting up the environment and tools - backend -- Understanding dependency injection -- Using JPA to create and access a database -- Creating a RESTful web service with spring boot -- Securing and testing your backend -- Part 2: Frontend programming with react -- Setting up the environment and tools - frontend -- Getting started with react -- Consuming the REST API with react -- Useful third-party components for react -- Part 3: Full stack development -- Setting up the frontend for our spring boot RESTful -- Adding CRUD functionalities -- Styling the frontend with React MUI -- Testing your frontend -- Securing your application -- Deploying your application -- Best practices.
520 ## - SUMMARY, ETC.
Summary, etc. "Getting started with full stack development can be daunting. Even developers who are familiar with the best tools, such as Spring Boot and React, can struggle to nail the basics, let alone master the more advanced elements. If you're one of these developers, this comprehensive guide covers everything you need! This updated edition of the Full Stack Development with Spring Boot 2 and React book will take you from novice to proficient in this expansive domain. Taking a practical approach, this book will first walk you through the latest Spring Boot features for creating a robust backend, covering everything from setting up the environment and dependency injection to security and testing. Once this has been covered, you'll advance to React frontend programming. If you've ever wondered about custom Hooks, third-party components, and MUI, this book will demystify all that and much more. You'll explore everything that goes into developing, testing, securing, and deploying your applications using all the latest tools from Spring Boot, React, and other cutting-edge technologies. By the end of this book, you'll not only have learned the theory of building modern full stack applications but also have developed valuable skills that add value in any setting." -- Back cover
650 #4 - SUBJECT ADDED ENTRY--TOPICAL TERM
Topical term or geographic name entry element Spring (Software framework).
650 #4 - SUBJECT ADDED ENTRY--TOPICAL TERM
Topical term or geographic name entry element Application software
General subdivision Development.
650 #4 - SUBJECT ADDED ENTRY--TOPICAL TERM
Topical term or geographic name entry element Application program interfaces (Computer software).
650 #4 - SUBJECT ADDED ENTRY--TOPICAL TERM
Topical term or geographic name entry element Web applications.
942 ## - ADDED ENTRY ELEMENTS (KOHA)
Source of classification or shelving scheme Dewey Decimal Classification
Suppress in OPAC No
Koha item type Books
Classification part 005.3
Item part H593f
Call number prefix GRD
Call number suffix 2022
Holdings
Withdrawn status Lost status Source of classification or shelving scheme Damaged status Not for loan Home library Current library Shelving location Date acquired Total Checkouts Full call number Barcode Date last seen Copy number Price effective from Koha item type
    Dewey Decimal Classification     Main Library Main Library Graduate School Library 09/11/2025   GRD 005.3 H593f 2022 030210 09/11/2025 2-2 09/11/2025 Books
    Dewey Decimal Classification     Main Library Main Library Graduate School Library 09/11/2025   GRD 005.3 H593f 2022 030209 09/11/2025 1-2 09/11/2025 Books